Images That End in 'CLE' Quiz Stats

Quiz Updated Nov 8, 2017

Challenge
Share
Tweet
Score 0/20 Timer 05:00
0 Plays Today
% Correct
circle
96.5%
unicycle
95.3%
popsicle
93.9%
cubicle
91.2%
icicle
88.4%
tentacle
86.9%
cuticle
85.4%
monocle
83.6%
muscle
77.4%
Sporcle
75.7%
% Correct
auricle or ventricle
73.2%
article
72.4%
Uncle (Sam)
71.2%
follicle
66.5%
obstacle
62.5%
pentacle
43.2%
barnacle
37.2%
treacle
36.9%
tabernacle
19.1%
corpuscle
15.6%

You're not logged in!

Compare scores with friends on all Sporcle quizzes.
Sign Up with Email
OR
Log In

You Might Also Like...

Show Comments

Extras

Top Quizzes Today


Score Distribution

Your Account Isn't Verified!

In order to create a playlist on Sporcle, you need to verify the email address you used during registration. Go to your Sporcle Settings to finish the process.